Nobody's child, and other stories /

Bibliographic Details
Main Author: Denison, Mary A. (Mary Andrews), 1826-1911
Format: Microform Book
Language:English
Published: Philadelphia : J.B. Lippincott, 1857.

MARC

Tag First Indicator Second Indicator Subfields
LEADER 00000cam a2200000 a 4500
001 in00000748340
005 20151016155432.0
007 hd afa014baca
008 840410s1857 ctua a 00011 eng d
035 |a (OCoLC)10611191 
035 |9 ADH9156AM 
040 |a FDA  |c LWS  |d UtOrBLW 
049 |a TXAI 
090 |a PS15 
099 |a film  |a B  |a 1551 
100 1 |a Denison, Mary A.  |q (Mary Andrews),  |d 1826-1911. 
245 1 0 |a Nobody's child, and other stories /  |c by Mary A. Denison. 
264 1 |a Philadelphia :  |b J.B. Lippincott,  |c 1857. 
300 |a 384 pages, 5 unnumbered leaves of plates :  |b illustrations 
336 |a text  |b txt  |2 rdacontent 
337 |a microform  |b h  |2 rdamedia 
338 |a microfilm reel  |b hd  |2 rdacarrier 
533 |a Microfilm.  |b Woodbridge, Conn. :  |c Research Publications,  |d 1970-1978.  |e 1 microfilm reel ; 35 mm.  |f (Wright American fiction ; v. 2 (1851-1875), reel D-7, no. 729) 
500 |a Microform. 
870 1 9 |j 100/1  |a Denison, Mary Andrews,  |d 1826-1911. 
999 |a MARS 
999 f f |s 1790ee64-460a-3fda-af2a-9e94082d8878  |i 90a6a17f-7013-3110-82c8-41aa6af652a3  |t 0 
952 f f |p default  |a Texas A&M University  |b College Station  |c Sterling C. Evans Library  |d Evans: Microforms (3rd floor)  |t 0  |e film B 1551 v.2 reel D-7 no.729  |h Other scheme  |i microform -- microfilm reel 
998 f f |a film B 1551 v.2 reel D-7 no.729  |t 0  |l Evans: Microforms (3rd floor)